Heisman Winners-Sudden Death - Statistics

General Stats
  • This quiz has been taken 60 times
  • The average score is 10 of 18
Answers on the Grid
Answers color-coded by a green-red scale on the quiz's grid according to % correct below.
OJ Simpson
Patrick Mahomes
Tom Brady
Derrick Henry
Sam Bradford
Carson Palmer
Peyton Manning
Adrian Peterson
Larry Fitzgerald
Randy Moss
Charles Woodson
Barry Sanders
Bo Jackson
John Elway
Micheal Vick
Eli Manning
Tim Tebow
Cam Newton
Robert Griffin lll
Ryan Leaf
Johnny Manziel
Mark Ingram
Christian McCaffrey
Tua Tagovailoa
Joe Burrow
Kyler Murray
Devonta Smith
Caleb WIlliams
Travis Hunter
Fernando Mendoza
 
Answer Stats
Answer % Correct
OJ Simpson
85%
Derrick Henry
76%
Tim Tebow
67%
Joe Burrow
58%
Barry Sanders
55%
Cam Newton
55%
Charles Woodson
55%
Fernando Mendoza
55%
Johnny Manziel
55%
Travis Hunter
55%
Devonta Smith
52%
Robert Griffin lll
52%
Bo Jackson
45%
Caleb WIlliams
45%
Sam Bradford
45%
Kyler Murray
42%
Carson Palmer
39%
Mark Ingram
36%
No matching quizzes found
Score Distribution
Percent of People with Each Score
Percentile by Number Answered
Your Score History
You have not taken this quiz